|
|
|
|
| LEADER |
00000ny a22000003n 4500 |
| 005 |
2011052606216.0 |
| 008 |
080630s2003 sp s 000 0 spa c |
| 020 |
|
|
|a 848004568X
|
| 035 |
|
|
|a 254
|
| 040 |
|
|
|a UMA.RE
|d vLex
|
| 080 |
|
|
|a 347.95(460)(0.034)
|
| 090 |
|
|
|c 287
|d 287
|
| 100 |
1 |
|
|a Gimeno Sendra, Vicente
|
| 245 |
1 |
4 |
|a Los nuevos juicios rapidos y de faltas
|h [Recurso electrn̤ico]
|c Vicente Gimeno Sendra, Juan Carlos Lp̤ez Coig, Juan Carlos Cern̤ Hernǹdez
|
| 256 |
|
|
|a Servicio en ln̕ea
|
| 260 |
|
|
|a [Madrid] :
|b Editorial Universitaria Ramn̤ Areces,
|c 2003
|
| 700 |
1 |
|
|a Cern̤ Hernǹdez, Juan Carlos
|
| 700 |
1 |
|
|a Lp̤ez Coig, Juan Carlos
|
| 740 |
0 |
|
|a vLex Libros (Servicios en ln̕ea)
|
| 856 |
4 |
0 |
|z Acceso restringido
|u http://vlex.com/source/nuevos-juicios-rapidos-254
|
| 942 |
|
|
|c BOOK
|
| 999 |
0 |
|
|a Civil law
|b Spain
|